<?xml version="1.0" encoding="UTF-8"?>
<record
    xmlns:xsi="http://www.w3.org/2001/XMLSchema-instance"
    xsi:schemaLocation="http://www.loc.gov/MARC21/slim http://www.loc.gov/standards/marcxml/schema/MARC21slim.xsd"
    xmlns="http://www.loc.gov/MARC21/slim">

  <leader>00394nam a22001697a 4500</leader>
  <controlfield tag="003">SGT</controlfield>
  <datafield tag="020" ind1=" " ind2=" ">
    <subfield code="a">9789388022477</subfield>
  </datafield>
  <datafield tag="082" ind1=" " ind2=" ">
    <subfield code="a">615</subfield>
    <subfield code="b">P20U</subfield>
  </datafield>
  <datafield tag="100" ind1=" " ind2=" ">
    <subfield code="a">UDDIN, REHAN</subfield>
  </datafield>
  <datafield tag="245" ind1=" " ind2=" ">
    <subfield code="a">A TB. OF PHARMACEUTICAL ENGINEERUNG </subfield>
  </datafield>
  <datafield tag="250" ind1=" " ind2=" ">
    <subfield code="a">1ST</subfield>
  </datafield>
  <datafield tag="260" ind1=" " ind2=" ">
    <subfield code="a">INDIA </subfield>
    <subfield code="b">INNOVATIVE PUB </subfield>
    <subfield code="c">2020</subfield>
  </datafield>
  <datafield tag="300" ind1=" " ind2=" ">
    <subfield code="a">133</subfield>
  </datafield>
  <datafield tag="650" ind1=" " ind2=" ">
    <subfield code="a">PHARMACOLOGY</subfield>
  </datafield>
  <datafield tag="653" ind1=" " ind2=" ">
    <subfield code="a"> PHARMACEUTICAL, ENGINEERUNG </subfield>
  </datafield>
  <datafield tag="942" ind1=" " ind2=" ">
    <subfield code="2">ddc</subfield>
    <subfield code="c">BK</subfield>
  </datafield>
  <datafield tag="952" ind1=" " ind2=" ">
    <subfield code="0">0</subfield>
    <subfield code="1">0</subfield>
    <subfield code="2">ddc</subfield>
    <subfield code="4">0</subfield>
    <subfield code="7">1</subfield>
    <subfield code="8">MEDICAL</subfield>
    <subfield code="a">FM</subfield>
    <subfield code="b">FM</subfield>
    <subfield code="c">TXT</subfield>
    <subfield code="d">2023-12-12</subfield>
    <subfield code="e">ABC DELHI</subfield>
    <subfield code="g">300.00</subfield>
    <subfield code="i">SGTU</subfield>
    <subfield code="o">615 P20U</subfield>
    <subfield code="p">FM14246</subfield>
    <subfield code="r">2023-12-12 00:00:00</subfield>
    <subfield code="w">2023-08-18</subfield>
    <subfield code="y">BK</subfield>
    <subfield code="k">17259</subfield>
  </datafield>
  <datafield tag="952" ind1=" " ind2=" ">
    <subfield code="0">0</subfield>
    <subfield code="1">0</subfield>
    <subfield code="2">ddc</subfield>
    <subfield code="4">0</subfield>
    <subfield code="7">0</subfield>
    <subfield code="8">MEDICAL</subfield>
    <subfield code="a">FM</subfield>
    <subfield code="b">FM</subfield>
    <subfield code="c">TXT</subfield>
    <subfield code="d">2023-12-12</subfield>
    <subfield code="e">ABC DELHI</subfield>
    <subfield code="g">300.00</subfield>
    <subfield code="i">SGTU</subfield>
    <subfield code="l">0</subfield>
    <subfield code="o">615 P20U</subfield>
    <subfield code="p">FM14247</subfield>
    <subfield code="r">2023-12-12 00:00:00</subfield>
    <subfield code="w">2023-08-18</subfield>
    <subfield code="y">BK</subfield>
    <subfield code="k">17259</subfield>
  </datafield>
  <datafield tag="952" ind1=" " ind2=" ">
    <subfield code="0">0</subfield>
    <subfield code="1">0</subfield>
    <subfield code="2">ddc</subfield>
    <subfield code="4">0</subfield>
    <subfield code="7">0</subfield>
    <subfield code="8">MEDICAL</subfield>
    <subfield code="a">FM</subfield>
    <subfield code="b">FM</subfield>
    <subfield code="c">TXT</subfield>
    <subfield code="d">2023-12-12</subfield>
    <subfield code="e">ABC DELHI</subfield>
    <subfield code="g">300.00</subfield>
    <subfield code="i">SGTU</subfield>
    <subfield code="l">0</subfield>
    <subfield code="o">615 P20U</subfield>
    <subfield code="p">FM14248</subfield>
    <subfield code="r">2023-12-12 00:00:00</subfield>
    <subfield code="w">2023-08-18</subfield>
    <subfield code="y">BK</subfield>
    <subfield code="k">17259</subfield>
  </datafield>
  <datafield tag="952" ind1=" " ind2=" ">
    <subfield code="0">0</subfield>
    <subfield code="1">0</subfield>
    <subfield code="2">ddc</subfield>
    <subfield code="4">0</subfield>
    <subfield code="7">0</subfield>
    <subfield code="8">MEDICAL</subfield>
    <subfield code="a">FM</subfield>
    <subfield code="b">FM</subfield>
    <subfield code="c">TXT</subfield>
    <subfield code="d">2023-12-12</subfield>
    <subfield code="e">ABC DELHI</subfield>
    <subfield code="g">300.00</subfield>
    <subfield code="i">SGTU</subfield>
    <subfield code="l">0</subfield>
    <subfield code="o">615 P20U</subfield>
    <subfield code="p">FM14249</subfield>
    <subfield code="r">2023-12-12 00:00:00</subfield>
    <subfield code="w">2023-08-18</subfield>
    <subfield code="y">BK</subfield>
    <subfield code="k">17259</subfield>
  </datafield>
  <datafield tag="952" ind1=" " ind2=" ">
    <subfield code="0">0</subfield>
    <subfield code="1">0</subfield>
    <subfield code="2">ddc</subfield>
    <subfield code="4">0</subfield>
    <subfield code="7">0</subfield>
    <subfield code="8">MEDICAL</subfield>
    <subfield code="a">FM</subfield>
    <subfield code="b">FM</subfield>
    <subfield code="c">TXT</subfield>
    <subfield code="d">2023-12-12</subfield>
    <subfield code="e">ABC DELHI</subfield>
    <subfield code="g">300.00</subfield>
    <subfield code="i">SGTU</subfield>
    <subfield code="l">0</subfield>
    <subfield code="o">615 P20U</subfield>
    <subfield code="p">FM14250</subfield>
    <subfield code="r">2023-12-12 00:00:00</subfield>
    <subfield code="w">2023-08-18</subfield>
    <subfield code="y">BK</subfield>
    <subfield code="k">17259</subfield>
  </datafield>
  <datafield tag="999" ind1=" " ind2=" ">
    <subfield code="c">25408</subfield>
    <subfield code="d">25408</subfield>
  </datafield>
</record>
